| 000 | 00735nam a22002177a 4500 | ||
|---|---|---|---|
| 999 |
_c14349 _d14349 |
||
| 003 | MIRAKIL | ||
| 005 | 20211214000619.0 | ||
| 008 | 210330b tu ||||| |||| 00| 0 tur d | ||
| 040 |
_aTR-AnCHP _btur _cTR-AnCHP |
||
| 041 | _aTur | ||
| 082 |
_aATA 956.1024 _bK25a 1980 |
||
| 100 | _aKansu, Ceyhun Atuf | ||
| 245 |
_aAtatürkçü olmak/ _cCeyhun Atuf Kansu. |
||
| 260 |
_aİstanbul: _bVarlık Yayınları, _c1980. |
||
| 300 |
_a245 s.: _c16 sm. |
||
| 490 | 0 |
_aVarlık Yayınları; _aFaydalı Kitaplar; _v13. _v63. |
|
| 600 |
_aAtatürk, Mustafa Kemal _cTürkiye Cumhuriyeti Cumhurbaşkanı _d1881-1938 _xAtatürk devrimleri |
||
| 650 | 0 |
_aSiyaset ve yönetim _xTürkiye _99 |
|
| 650 | 0 |
_aAtatürkçülük _xİlkeler _9144 |
|
| 942 |
_2ddc _cBKS |
||